[Event "AUTO-OPEN-4574"]
[Site "http://www.queenalice.com/game.php?id=1858662"]
[Date "2025.6.11"]
[Round "2"]
[White "Esvir"]
[Black "guss"]
[Result "0-1"]
[WhiteElo "1984"]
[BlackElo "2565"]

1. e4 e5 2. Nf3 Nc6 3. Bb5 a6 4. Ba4 Nf6 5. d3 b5 6. Bb3 Bc5 7. Bg5 h6 8. Bh4 d6
9. h3 Bb7 10. O-O g5 11. Bg3 Qd7 12. c3 Rg8 13. d4 Bb6 14. Re1 h5 15. dxe5 h4
16. Bh2 dxe5 17. Qxd7+ Nxd7 18. Nbd2 g4 19. hxg4 Rxg4 20. g3 hxg3 21. Bxg3 Rxg3+
22. Kh2 Rg6 23. Kh3 O-O-O 24. Bxf7 Rh8+ 25. Nh4 Rg7 26. Be6 Bxf2 0-1

[Event "AUTO-OPEN-4563"]
[Site "http://www.queenalice.com/game.php?id=1859704"]
[Date "2025.7.9"]
[Round "2"]
[White "guss"]
[Black "Rafale2000"]
[Result "1-0"]
[WhiteElo "2560"]
[BlackElo "1973"]

1. e4 Nf6 2. e5 Nd5 3. c4 Nb6 4. Nf3 Nc6 5. d4 d6 6. Nc3 Bg4 7. exd6 exd6 8. Be2
Bf5 9. O-O Be7 10. d5 Ne5 11. Nd4 Bg6 12. f4 1-0

[Event "AUTO-OPEN-4563"]
[Site "http://www.queenalice.com/game.php?id=1859705"]
[Date "2025.7.9"]
[Round "2"]
[White "Rafale2000"]
[Black "guss"]
[Result "0-1"]
[WhiteElo "1971"]
[BlackElo "2563"]

1. e4 e5 2. Nf3 Nc6 3. d4 exd4 4. Bc4 Bc5 5. c3 Nf6 6. e5 d5 7. exf6 dxc4 8.
fxg7 Rg8 9. Bg5 Be7 10. Bh6 Bg4 11. O-O Qd6 12. Qe1 Bxf3 13. gxf3 Qxh6 0-1

[Event "AUTO-OPEN-4571"]
[Site "http://www.queenalice.com/game.php?id=1859844"]
[Date "2025.7.11"]
[Round "3"]
[White "josebaron"]
[Black "guss"]
[Result "0-1"]
[WhiteElo "2200"]
[BlackElo "2562"]

1. e4 e5 2. Nf3 Nc6 3. Bc4 Bc5 4. O-O Nf6 5. d3 O-O 6. Nc3 h6 7. a4 d6 8. Nd5 a5
9. c3 Nxd5 10. exd5 Ne7 11. Re1 c6 12. dxc6 bxc6 13. Be3 Bxe3 14. fxe3 d5 15.
Bb3 Bg4 16. h3 Bxf3 17. Qxf3 Rb8 18. Ra3 Rb6 19. e4 Qd6 20. exd5 Rfb8 21. dxc6
Rxb3 22. Rxb3 Rxb3 0-1

[Event "AUTO-OPEN-4571"]
[Site "http://www.queenalice.com/game.php?id=1859845"]
[Date "2025.7.11"]
[Round "3"]
[White "guss"]
[Black "josebaron"]
[Result "1-0"]
[WhiteElo "2564"]
[BlackElo "2190"]

1. e4 e5 2. Nf3 Nc6 3. Bc4 Bc5 4. Nc3 Nf6 5. d3 h6 6. O-O O-O 7. h3 d6 8. Na4 a6
9. Nxc5 dxc5 10. Be3 b6 11. a4 Re8 12. Nd2 Be6 13. Bxe6 Rxe6 14. Nc4 Nd4 15. f4
exf4 16. Bxf4 Nh7 17. a5 b5 18. Ne3 Nc6 19. Nd5 Ne5 20. Qd2 Nf8 21. Qf2 Nfg6 22.
Bh2 1-0

[Event "AUTO-OPEN-4588"]
[Site "http://www.queenalice.com/game.php?id=1861103"]
[Date "2025.8.4"]
[Round "2"]
[White "ALDROB"]
[Black "guss"]
[Result "0-1"]
[WhiteElo "1817"]
[BlackElo "2566"]

1. e4 e5 2. Nf3 Nc6 3. Bb5 Nf6 4. Nc3 Bd6 5. O-O O-O 6. d3 a6 7. Bc4 b5 8. Bd5
Bb7 9. Bg5 h6 10. Bh4 b4 11. Ne2 g5 12. Nxg5 Nxd5 13. exd5 hxg5 14. Bg3 Ne7 15.
c4 bxc3 16. Nxc3 Nxd5 17. Ne4 f5 18. Nxd6 cxd6 19. Qh5 Kg7 20. h4 f4 21. hxg5
Rh8 22. Qg4 fxg3 0-1

[Event "AUTO-OPEN-4588"]
[Site "http://www.queenalice.com/game.php?id=1861104"]
[Date "2025.8.4"]
[Round "2"]
[White "guss"]
[Black "ALDROB"]
[Result "1-0"]
[WhiteElo "2565"]
[BlackElo "1819"]

1. e4 e5 2. Nf3 Nc6 3. Bc4 Nf6 4. Ng5 d5 5. exd5 Na5 6. Bb5+ c6 7. dxc6 bxc6 8.
Qf3 Rb8 9. Bd3 h6 10. Ne4 Nxe4 11. Bxe4 Qd6 12. O-O Bd7 13. d4 exd4 14. Bf4 Qb4
15. Bxb8 Qxb2 16. Bxa7 Qxa1 17. Bf5 Bxf5 18. Qxf5 Nb7 19. Qe4+ Be7 20. Qxc6+ Kd8
21. Bb6# 1-0

[Event "AUTO-OPEN-4588"]
[Site "http://www.queenalice.com/game.php?id=1861107"]
[Date "2025.8.4"]
[Round "2"]
[White "silverado"]
[Black "guss"]
[Result "0-1"]
[WhiteElo "1992"]
[BlackElo "2568"]

1. d4 d5 2. Nf3 Nf6 3. Nc3 Bf5 4. h3 e6 5. a3 Ne4 6. Nxe4 Bxe4 7. Ng5 Bg6 8. h4
h6 9. Nf3 Bd6 10. e3 Nd7 11. Bd3 Qf6 12. Bxg6 Qxg6 13. g3 O-O 14. Qe2 Rfc8 15.
h5 Qf5 16. c3 Nf6 17. Nd2 c5 18. Rh4 Be7 19. Nf3 c4 20. Ne5 Ne4 21. Rh2 Bd6 22.
g4 Qh7 23. Rg2 Bxe5 24. dxe5 Nc5 25. f4 Nb3 0-1

[Event "AUTO-OPEN-4588"]
[Site "http://www.queenalice.com/game.php?id=1861108"]
[Date "2025.8.4"]
[Round "2"]
[White "guss"]
[Black "silverado"]
[Result "1-0"]
[WhiteElo "2567"]
[BlackElo "1982"]

1. e4 e5 2. Nf3 Nc6 3. Bc4 h6 4. O-O Bc5 5. c3 Qf6 6. d4 exd4 7. b4 Bb6 8. e5
Qg6 9. b5 Na5 10. Bd3 Qg4 11. cxd4 Bxd4 12. h3 Bxf2+ 13. Rxf2 Qe6 14. Qd2 b6 15.
Nd4 Qd5 16. Nf5 Kf8 17. Ba3+ d6 18. Nc3 Qxe5 19. Re1 Qf6 20. Nxd6 1-0

[Event "AUTO-OPEN-4615"]
[Site "http://www.queenalice.com/game.php?id=1863176"]
[Date "2025.9.19"]
[Round "1"]
[White "Fauquinelle"]
[Black "guss"]
[Result "0-1"]
[WhiteElo "1962"]
[BlackElo "2573"]

1. c4 c5 2. g3 d6 3. b3 Nf6 4. Bb2 e5 5. Bg2 Be7 6. Nc3 O-O 7. Nd5 Nxd5 8. cxd5
Na6 9. e3 Bf5 10. e4 Bd7 11. Ne2 f5 12. Nc3 Qb6 13. Na4 Bxa4 14. Bc3 Bb5 15. d3
Nb4 16. Bxb4 cxb4 17. a4 fxe4 18. O-O Bxd3 0-1

[Event "AUTO-OPEN-4615"]
[Site "http://www.queenalice.com/game.php?id=1863177"]
[Date "2025.9.19"]
[Round "1"]
[White "guss"]
[Black "Fauquinelle"]
[Result "1-0"]
[WhiteElo "2584"]
[BlackElo "1992"]

1. e4 c5 2. Nf3 e6 3. Nc3 a6 4. d4 cxd4 5. Nxd4 Qc7 6. Bd3 Bc5 7. Nb3 Bd6 8. Qg4
g6 9. Qh4 Be7 10. Bg5 f6 11. Bf4 d6 12. Qg3 e5 13. Nd5 Qd8 14. Be3 Be6 15. Bb6
Qc8 16. Nc7+ Kf7 17. Nxa8 Nd7 18. Be3 Qxa8 19. f4 exf4 20. Qxf4 b5 21. Nd4 Nc5
22. b4 Nxd3+ 23. cxd3 d5 24. O-O Bxb4 25. Nxe6 Kxe6 26. exd5+ Qxd5 27. Qxb4 Kf7
28. Rac1 1-0

[Event "AUTO-OPEN-4615"]
[Site "http://www.queenalice.com/game.php?id=1863198"]
[Date "2025.9.19"]
[Round "1"]
[White "guss"]
[Black "chessman"]
[Result "1-0"]
[WhiteElo "2569"]
[BlackElo "2023"]

1. e4 e6 2. d4 d5 3. Nc3 dxe4 4. Nxe4 Nd7 5. Bd3 Ngf6 6. Nxf6+ Nxf6 7. Nf3 Be7
8. O-O O-O 9. Ne5 c5 10. dxc5 Bxc5 11. Qe2 Qc7 12. Bf4 Qb6 13. c3 a6 14. b4 Bd6
15. Nc4 1-0

[Event "AUTO-OPEN-4615"]
[Site "http://www.queenalice.com/game.php?id=1863199"]
[Date "2025.9.19"]
[Round "1"]
[White "chessman"]
[Black "guss"]
[Result "0-1"]
[WhiteElo "2086"]
[BlackElo "2571"]

1. e4 e5 2. Nf3 Nc6 3. Bc4 Bc5 4. O-O Nf6 5. Re1 Ng4 6. Rf1 Nf6 7. b4 Bxb4 8. c3
Be7 9. d4 exd4 10. e5 Ne4 11. cxd4 d5 12. exd6 Nxd6 13. Bb3 O-O 14. Ne5 Nf5 15.
Nxc6 bxc6 16. Bb2 Bf6 17. Nc3 Bxd4 18. Re1 Rb8 19. Qc2 Re8 20. h3 Be6 21. Bxe6
Rxe6 22. Rxe6 fxe6 23. Na4 Bxb2 24. Nxb2 Nd4 0-1

[Event "AUTO-OPEN-4615"]
[Site "http://www.queenalice.com/game.php?id=1863200"]
[Date "2025.9.19"]
[Round "1"]
[White "guss"]
[Black "CCapivara"]
[Result "1-0"]
[WhiteElo "2576"]
[BlackElo "2339"]

1. e4 d6 2. Nc3 e5 3. Nf3 f5 4. Bc4 Nf6 5. Ng5 d5 6. exd5 Bd6 7. O-O O-O 8. d4
e4 9. f3 h6 10. Ne6 Bxe6 11. dxe6 Kh8 12. fxe4 Nxe4 13. Nxe4 fxe4 14. Qg4 Rxf1+
15. Bxf1 Qf6 16. Qxe4 Nc6 17. Be3 Re8 18. Bd3 Kg8 19. Rf1 1-0

[Event "AUTO-OPEN-4615"]
[Site "http://www.queenalice.com/game.php?id=1863201"]
[Date "2025.9.19"]
[Round "1"]
[White "CCapivara"]
[Black "guss"]
[Result "0-1"]
[WhiteElo "2334"]
[BlackElo "2579"]

1. e4 e5 2. Nf3 Nc6 3. Bb5 a6 4. Bxc6 dxc6 5. O-O f6 6. d3 Be6 7. Be3 Qd7 8.
Nbd2 g5 9. Nb3 h5 10. Nfd2 h4 11. Bc5 Ne7 12. Qf3 Bg7 13. Rad1 Bg4 14. Qe3 Bxd1
15. Rxd1 Ng6 16. d4 Nf4 17. dxe5 fxe5 18. g3 Qh3 19. gxf4 Qg4+ 20. Kh1 Qxd1+ 21.
Kg2 exf4 22. Qd3 h3+ 0-1

[Event "AUTO-OPEN-4599"]
[Site "http://www.queenalice.com/game.php?id=1863355"]
[Date "2025.9.24"]
[Round "2"]
[White "IranSilva"]
[Black "guss"]
[Result "0-1"]
[WhiteElo "2270"]
[BlackElo "2582"]

1. Nf3 d5 2. d4 Nf6 3. Bf4 Bf5 4. e3 e6 5. Bd3 Nc6 6. Bxf5 exf5 7. O-O Bd6 8. c3
O-O 9. Bxd6 Qxd6 10. Nbd2 a5 11. c4 Rfe8 12. c5 Qd7 13. b3 b5 14. a3 Ne4 15.
Nxe4 dxe4 16. Ng5 f6 17. Nh3 g5 18. f4 exf3 19. Rxf3 g4 20. Rg3 h5 0-1

[Event "AUTO-OPEN-4599"]
[Site "http://www.queenalice.com/game.php?id=1863356"]
[Date "2025.9.24"]
[Round "2"]
[White "guss"]
[Black "IranSilva"]
[Result "1-0"]
[WhiteElo "2574"]
[BlackElo "2258"]

1. e4 e5 2. Nf3 Nc6 3. Bb5 a6 4. Bxc6 dxc6 5. O-O Bd6 6. d4 exd4 7. Qxd4 f6 8.
Be3 Ne7 9. Nbd2 Ng6 10. Nc4 O-O 11. Rad1 Bg4 12. Nxd6 cxd6 13. Qxd6 Bxf3 14.
Qe6+ 1-0

[Event "AUTO-OPEN-4599"]
[Site "http://www.queenalice.com/game.php?id=1863361"]
[Date "2025.9.24"]
[Round "2"]
[White "guss"]
[Black "game"]
[Result "1-0"]
[WhiteElo "2572"]
[BlackElo "1670"]

1. e4 d6 2. Nf3 e5 3. d4 Bg4 4. c3 exd4 5. Qb3 Be6 6. Qxb7 Nd7 7. Nxd4 Nc5 8.
Bb5+ Nd7 9. Nc6 Qc8 10. Qxc8+ Rxc8 11. Ba6 Nb6 12. Bxc8 Bxc8 13. Nxa7 Bb7 14. f3
Nf6 15. a4 d5 16. e5 Nfd7 17. a5 Nc4 18. a6 Ba8 19. Nb5 Bc5 20. Nxc7+ Ke7 21. b4
Ba7 22. Bg5+ Kf8 23. Nxa8 Ndxe5 24. Ke2 f6 25. Bf4 Kf7 26. Nc7 Nb2 27. Bxe5 fxe5
28. Nb5 Bb6 29. Nd2 g5 30. Rhb1 Nc4 31. Nxc4 dxc4 32. a7 Bxa7 33. Rxa7+ Kf6 34.
Nd6 h5 35. Ne4+ Kf5 36. Ra6 Kf4 37. Rf6# 1-0

[Event "AUTO-OPEN-4599"]
[Site "http://www.queenalice.com/game.php?id=1863362"]
[Date "2025.9.24"]
[Round "2"]
[White "game"]
[Black "guss"]
[Result "0-1"]
[WhiteElo "1594"]
[BlackElo "2570"]

1. e4 e5 2. Nf3 Nc6 3. Bb5 a6 4. Bxc6 dxc6 5. Nxe5 Qd4 6. Nf3 Qxe4+ 7. Kf1 Qg6
8. d3 Be6 9. Nh4 Qf6 10. g3 g5 11. Nf3 Bd5 12. Nc3 Bxf3 13. Qe1+ Be7 14. Rg1
O-O-O 15. Bd2 Nh6 16. Ne4 Ng4 17. Nxf6 Nxh2# 0-1

[Event "AUTO-OPEN-4575"]
[Site "http://www.queenalice.com/game.php?id=1863514"]
[Date "2025.9.28"]
[Round "2"]
[White "MarcosT"]
[Black "guss"]
[Result "0-1"]
[WhiteElo "2161"]
[BlackElo "2585"]

1. d4 d5 2. e3 e6 3. Bd3 c5 4. c3 Nf6 5. Nd2 Nc6 6. f4 Bd6 7. Ngf3 cxd4 8. cxd4
Nb4 9. Bb5+ Bd7 10. Be2 Rc8 11. Kf2 Ng4+ 12. Kg1 Nxe3 13. Qb3 Nec2 14. Rb1 a5
15. a4 O-O 16. g3 Qe8 17. Ne5 Bxa4 18. Qf3 f6 19. Nd3 Nxd4 20. Qe3 Nxe2+ 21.
Qxe2 Bb5 0-1

[Event "AUTO-OPEN-4575"]
[Site "http://www.queenalice.com/game.php?id=1863515"]
[Date "2025.9.28"]
[Round "2"]
[White "guss"]
[Black "MarcosT"]
[Result "1-0"]
[WhiteElo "2586"]
[BlackElo "2150"]

1. e4 e5 2. Nf3 Nf6 3. Nxe5 Nc6 4. Nxc6 dxc6 5. d3 Bc5 6. Bd2 Ng4 7. Be3 Bxe3 8.
fxe3 Qf6 9. Be2 Qf2+ 10. Kd2 Qxe3+ 11. Ke1 Qf2+ 12. Kd2 Qe3+ 13. Ke1 Nf2 14. Qd2
Qxd2+ 15. Kxd2 Nxh1 16. Ke3 Be6 17. Kf3 h5 18. Nc3 Bg4+ 19. Ke3 Bxe2 20. Nxe2
O-O-O 21. Rxh1 Rhe8 22. Rf1 Re7 23. Nf4 g6 24. b4 b6 25. a4 Re6 26. Nxe6 fxe6
27. Rf6 1-0

[Event "AUTO-OPEN-4575"]
[Site "http://www.queenalice.com/game.php?id=1863522"]
[Date "2025.9.28"]
[Round "2"]
[White "guss"]
[Black "josebaron"]
[Result "1-0"]
[WhiteElo "2588"]
[BlackElo "2172"]

1. e4 e5 2. Nf3 Nc6 3. Bb5 d6 4. Nc3 Nf6 5. d4 exd4 6. Nxd4 Bd7 7. O-O Be7 8.
Nxc6 Bxc6 9. Qd3 O-O 10. Bxc6 bxc6 11. Qa6 c5 12. b3 Qc8 13. Qxc8 Rfxc8 14. Bb2
a5 15. Rfe1 Nd7 16. Nd5 Bf8 17. a4 Nb6 18. Nxb6 cxb6 19. c4 Re8 20. f4 g6 21.
Rad1 Re6 22. f5 gxf5 23. Kf2 fxe4 24. Rf1 Bg7 25. Bxg7 Kxg7 26. Ke3 Kg6 27. Rf4
f5 28. Rd5 Rf6 29. g4 1-0

[Event "AUTO-OPEN-4575"]
[Site "http://www.queenalice.com/game.php?id=1863523"]
[Date "2025.9.28"]
[Round "2"]
[White "josebaron"]
[Black "guss"]
[Result "0-1"]
[WhiteElo "2164"]
[BlackElo "2587"]

1. e4 e5 2. Nf3 Nc6 3. Nc3 Nf6 4. Bc4 Bc5 5. d3 O-O 6. O-O h6 7. Nd5 d6 8. Be3
Be6 9. Bxc5 dxc5 10. Nxf6+ Qxf6 11. Bxe6 Qxe6 12. c4 Rfd8 13. Qb3 a5 14. a4 b6
15. Rad1 Rd6 16. Rd2 Rad8 17. Rfd1 Qg4 18. h3 Qf4 19. Ne1 Nd4 20. Qa2 Qg5 21. b3
Rg6 22. Kh1 Nf3 0-1

[Event "AUTO-OPEN-4588"]
[Site "http://www.queenalice.com/game.php?id=1864591"]
[Date "2025.10.20"]
[Round "3"]
[White "guss"]
[Black "JailtonMaster"]
[Result "1-0"]
[WhiteElo "2589"]
[BlackElo "2214"]

1. e4 e5 2. Nf3 Nc6 3. Bc4 Nf6 4. Ng5 d5 5. exd5 Na5 6. Bb5+ c6 7. dxc6 bxc6 8.
Qf3 Bd7 9. Bd3 Be7 10. O-O O-O 11. Nc3 Bg4 12. Qg3 Bh5 13. Re1 Bd6 14. Qh4 Bg6
15. Bxg6 hxg6 16. Nce4 Nh5 17. g4 f6 18. Ne6 Qe8 19. Nxf8 Nf4 20. Qh7+ Kxf8 21.
Qh8+ Ke7 22. Qxg7+ 1-0